00765nam a2200181 a 450000100100000000500170001000800410002704000250006808200150009310000250010824500460013326000340017930000190021350400730023259000750030595201860038099900170056600003513820200930074129.0111025s1955 ag 000 0 spa d aDO-SdBNPbspacBNPHU axxxxbxxxx1 aJaspers, Karl94783510aPsicopatología general /cKarl Jaspers. aBuenos Aires, :bBeta,c1955. a1005 ;c24 cm. aIncluye referencias bibliográficas y notas al pie de las páginas aPerteneció a la biblioteca personal de Juan Isidro Jimenes Grullón 001050718RVaGRbGRcHDd2011-10-25iLF1l0oxxxx xxxxp35138-10r2020-06-25w2020-06-25y1zPerteneció a la biblioteca personal de Juan Isidro Jimenes Grullón.ZNo se presta c34629d34629